| 000 | 00660nam a2200253Ia 4500 | ||
|---|---|---|---|
| 003 | OSt | ||
| 005 | 20220916110850.0 | ||
| 006 | a|||||r|||| 00| 0 | ||
| 007 | ta | ||
| 008 | 220915b |||||||| |||| 00| 0 eng d | ||
| 024 | _a4205 | ||
| 037 | _cTextbook | ||
| 040 |
_beng _aARTS _cARTS |
||
| 041 | _aeng | ||
| 082 | _a14:473:N45, K8 | ||
| 110 | _aUnited Nations | ||
| 245 | 0 | _aCurrent issues : A selected bibliography on subjects of concern to the United Nations | |
| 260 | _c1968 | ||
| 300 |
_a76p. _ccm. |
||
| 490 | _aCurrent issues no.6 | ||
| 650 | _aBIBLIOGRAPHY | ||
| 942 |
_h14:473:N45, K8 _cTB _2CC |
||
| 999 |
_c99859 _d99859 |
||